Pokémon psy et fée 1ère génération par images - Statistiques

Statistiques générales
  • Ce quiz a été pris 39 fois
  • Le résultat moyen est 17 sur 19
Statistiques - réponses
Par images Réponse % Correct
Mélofée
100%
Mew
100%
Alakazam
97%
Mewtwo
97%
Rondoudou
97%
Abra
95%
Noeunoeuf
95%
Ramoloss
95%
Lippoutou
92%
Mélodelfe
92%
Stari
92%
Grodoudou
89%
Kadabra
86%
M. Mime
86%
Noadkoko
86%
Staross
86%
Hypnomade
81%
Flagadoss
76%
Soporifik
73%
Aucun quiz correspondant
Distribution des résultats
% des personnes avec chaque résultat
Percentile par nombre de réponses
Votre historique - résultats
Vous n’avez pas pris ce quiz